| 000 | 00574nam a22001577a 4500 | ||
|---|---|---|---|
| 003 | macl | ||
| 005 | 20231104121633.0 | ||
| 008 | 231104b |||||||| |||| 00| 0 eng d | ||
| 040 | _cmacl | ||
| 082 | _a910 | ||
| 100 |
_aओझा, एस. के. _982005 |
||
| 245 | _aपरीक्षा वाणी सामान्य अध्ययन विशेेषांक विश्व का भूगाोल | ||
| 260 |
_aप्रयागराज _bबौद्धिक प्रकाशन _c2006 |
||
| 650 | _aभूगोल | ||
| 942 |
_2ddc _cHIN |
||
| 999 |
_c66304 _d66304 |
||